[Event "Ruhrgebiet Regionalliga 1112"]
[Site "Nordrheinwestfalen"]
[Date "2011.09.25"]
[Round "1.8"]
[White "Wallhof, Dieter"]
[Black "Jonker, Marc"]
[Result "0-1"]
[WhiteElo "1830"]
[BlackElo "2262"]
[PlyCount "82"]
[EventDate "2011.09.25"]
[EventType "team-tourn"]
[EventRounds "9"]
[EventCountry "GER"]
[SourceTitle "EXT 2020"]
[Source "ChessBase"]
[SourceDate "2019.10.17"]
[SourceVersion "1"]
[SourceVersionDate "2019.10.17"]
[SourceQuality "1"]
[WhiteTeam "Welper SV"]
[BlackTeam "Hattingen"]
[WhiteTeamCountry "GER"]
[BlackTeamCountry "GER"]

1. d4 d6 2. e4 Nf6 3. Nc3 c6 4. a4 Nbd7 5. f4 e5 6. Nf3 Qa5 7. Bd2 exd4 8. Nxd4 Qc7 9. Be2 g6 10. 0-0 Bg7 11. Nb3 b6 12. Bf3 Bb7 13. Qe2 0-0 14. a5 Rab8 15. axb6 axb6 16. Rfe1 Rfe8 17. Qd3 b5 18. Be3 b4 19. Nd1 c5 20. Nd2 Nb6 21. Nf2 d5 22. e5 Nfd7 23. Nf1 f6 24. exf6 Nxf6 25. Qb5 d4 26. Bd2 Rxe1 27. Rxe1 Bxf3 28. gxf3 Nbd5 29. Qc4 Kh8 30. f5 gxf5 31. Ng3 f4 32. Nge4 Ne3 33. Qd3 c4 34. Qe2 Nxc2 35. Rc1 Ne3 36. Kh1 c3 37. bxc3 bxc3 38. Nxf6 Bxf6 39. Bxe3 fxe3 40. Ne4 Rb2 41. Qa6 Qxh2# 0-1

[Event "NRW Class2 0809"]
[Site "Germany"]
[Date "2009.04.26"]
[Round "9.1"]
[White "Gscheidmeyer, Hans Jochen"]
[Black "Jonker, Marc"]
[Result "0-1"]
[WhiteElo "2172"]
[BlackElo "2305"]
[PlyCount "70"]
[EventDate "2008.09.21"]
[EventType "tourn"]
[EventRounds "9"]
[EventCountry "GER"]
[SourceTitle "EXT 2010"]
[Source "ChessBase"]
[SourceDate "2010.11.25"]
[SourceVersion "1"]
[SourceVersionDate "2010.11.25"]
[SourceQuality "1"]
[WhiteTeam "Heiden"]
[BlackTeam "Emsdetten II"]
[WhiteTeamCountry "GER"]
[BlackTeamCountry "GER"]

1. d4 d6 2. c4 e5 3. Nf3 e4 4. Ng5 f5 5. g3 Nf6 6. h4 g6 7. Nc3 c6 8. d5 Bg7 9. Bf4 h6 10. Nh3 cxd5 11. cxd5 0-0 12. Qd2 Kh7 13. Bg2 Nh5 14. Be3 Nd7 15. 0-0 Ne5 16. b3 Ng4 17. Bd4 e3 18. Bxe3 Nxe3 19. Qxe3 f4 20. Qd3 Bf5 21. e4 fxe3 22. Qxe3 Qc8 23. g4 Bxg4 24. Rac1 Qd7 25. Ne4 Rae8 26. Kh2 Qd8 27. f3 Bxh3 28. Bxh3 Qxh4 29. Qe1 Be5+ 30. f4 Rxf4 31. Rc7+ Kh8 32. Qxh4 Rxh4+ 33. Kg2 Rxe4 34. Rff7 Nf4+ 35. Kf3 Nxh3 0-1

[Event "NRW Class2 0708"]
[Site "Germany"]
[Date "2008.02.10"]
[Round "6.4"]
[White "Jonker, Marc"]
[Black "Schockenbaeumer, Dirk"]
[Result "1/2-1/2"]
[WhiteElo "2279"]
[BlackElo "2203"]
[PlyCount "37"]
[EventDate "2007.09.16"]
[EventType "team-tourn"]
[EventRounds "9"]
[EventCountry "GER"]
[SourceTitle "EXT 2009"]
[Source "ChessBase"]
[SourceDate "2008.11.26"]
[SourceVersion "1"]
[SourceVersionDate "2008.11.26"]
[SourceQuality "1"]
[WhiteTeam "Emsdetten II"]
[BlackTeam "Solingen III"]
[WhiteTeamCountry "GER"]
[BlackTeamCountry "GER"]

1. e4 c5 2. Nf3 d6 3. d4 cxd4 4. Qxd4 a6 5. Be3 Nc6 6. Qd2 Nf6 7. Nc3 g6 8. 0-0-0 Bg7 9. Bh6 0-0 10. Bc4 Bg4 11. h3 Bxf3 12. gxf3 Ne5 13. Be2 Rc8 14. Bxg7 Kxg7 15. f4 Nc4 16. Qd4 b5 17. b3 Nb6 18. Kb2 Qc7 19. Rd3 1/2-1/2

[Event "NED-chT 0607"]
[Site "Netherlands"]
[Date "2007.05.13"]
[Round "9.6"]
[White "Jonker, Marc"]
[Black "Landa, Konstantin"]
[Result "0-1"]
[WhiteElo "2277"]
[BlackElo "2584"]
[PlyCount "54"]
[EventDate "2006.09.23"]
[EventType "team-tourn"]
[EventRounds "9"]
[EventCountry "NED"]
[SourceTitle "EXT 2008"]
[Source "ChessBase"]
[SourceDate "2007.11.25"]
[SourceVersion "1"]
[SourceVersionDate "2007.11.25"]
[SourceQuality "1"]
[WhiteTeam "Homburg Apeldoorn"]
[BlackTeam "Groningen Share"]
[WhiteTeamCountry "NED"]
[BlackTeamCountry "NED"]

1. e4 c5 2. Nf3 e6 3. d4 cxd4 4. Nxd4 a6 5. Bd3 Bc5 6. Nb3 Ba7 7. Qe2 Ne7 8. Be3 d6 9. 0-0 0-0 10. c4 Nbc6 11. Nc3 e5 12. Rfd1 Be6 13. Nd5 a5 14. a4 Ng6 15. g3 Re8 16. Qd2 Nf8 17. Be2 Nd7 18. Bxa7 Rxa7 19. Qe3 b6 20. Nc3 Nc5 21. Nb5 Rd7 22. Rd2 Qe7 23. Kg2 h6 24. h3 Red8 25. Kh2 Qf6 26. Rad1 Nxb3 27. Qxb3 Qxf2+ 0-1

[Event "NRW Class2 0506"]
[Site "Germany"]
[Date "2006.02.12"]
[Round "6.4"]
[White "Kloke, Stephan"]
[Black "Jonker, Marc"]
[Result "0-1"]
[WhiteElo "2083"]
[BlackElo "2276"]
[PlyCount "87"]
[EventDate "2005.09.25"]
[EventType "team-tourn"]
[EventRounds "9"]
[EventCountry "GER"]
[SourceTitle "EXT 2006"]
[Source "ChessBase"]
[SourceDate "2005.11.24"]
[SourceVersion "1"]
[SourceVersionDate "2005.11.24"]
[SourceQuality "1"]
[WhiteTeam "Koeln Porz III"]
[BlackTeam "Emsdetten Turm II"]
[WhiteTeamCountry "GER"]
[BlackTeamCountry "GER"]

1. e4 d6 2. d4 g6 3. f4 Bg7 4. Nf3 Bg4 5. Be2 e6 6. Be3 d5 7. e5 Ne7 8. Bf2 Nf5 9. h3 Bxf3 10. Bxf3 Nh4 11. Nd2 Nc6 12. g3 Nxf3+ 13. Qxf3 Qd7 14. Nb3 b6 15. Qe2 Bf8 16. g4 h5 17. 0-0-0 Be7 18. Be3 a5 19. f5 exf5 20. gxf5 Qxf5 21. Rhf1 Qxh3 22. Rf3 Qd7 23. c3 a4 24. Nd2 a3 25. b3 Nd8 26. Rdf1 Rh7 27. Qd3 h4 28. Rg1 Qc6 29. Bg5 Ne6 30. Bf6 Bxf6 31. Rxg6 fxg6 32. Qxg6+ Kd7 33. Qxh7+ Be7 34. c4 dxc4 35. bxc4 Nxd4 36. Qd3 Bc5 37. Rf4 Kc8 38. Rxd4 Bxd4 39. Qxd4 Qh1+ 40. Kc2 Kb7 41. Ne4 Qg2+ 42. Kb3 Qb2+ 43. Qxb2 axb2 44. Kxb2 0-1

[Event "NED-chT 0506"]
[Site "Netherlands"]
[Date "2006.02.04"]
[Round "6.9"]
[White "Janssen, Ruud"]
[Black "Jonker, Marc"]
[Result "1-0"]
[WhiteElo "2499"]
[BlackElo "2276"]
[PlyCount "43"]
[EventDate "2005.09.24"]
[EventType "team"]
[EventRounds "9"]
[EventCountry "NED"]
[SourceTitle "EXT 2007"]
[Source "ChessBase"]
[SourceDate "2006.11.23"]
[SourceVersion "1"]
[SourceVersionDate "2006.11.23"]
[SourceQuality "1"]
[WhiteTeam "Hilversum HSG"]
[BlackTeam "Homburg Apeldoorn"]
[WhiteTeamCountry "NED"]
[BlackTeamCountry "NED"]

1. d4 d6 2. Nf3 Nf6 3. c4 g6 4. Nc3 Bf5 5. Qb3 Qc8 6. g3 Bg7 7. Bg2 c6 8. 0-0 0-0 9. Re1 Na6 10. e4 Bg4 11. e5 Nd7 12. exd6 exd6 13. Ne4 Bxf3 14. Qxf3 Bxd4 15. Bh6 Bg7 16. Bxg7 Kxg7 17. Nxd6 Qc7 18. Rad1 Nf6 19. Qc3 Nc5 20. g4 Rad8 21. Qe5 Rxd6 22. Rxd6 1-0

[Event "NED-chT 0506"]
[Site "Netherlands"]
[Date "2005.11.26"]
[Round "4.7"]
[White "Welling, Gerard J"]
[Black "Jonker, Marc"]
[Result "0-1"]
[WhiteElo "2399"]
[BlackElo "2276"]
[PlyCount "54"]
[EventDate "2005.09.24"]
[EventType "team"]
[EventRounds "9"]
[EventCountry "NED"]
[SourceTitle "EXT 2007"]
[Source "ChessBase"]
[SourceDate "2006.11.23"]
[SourceVersion "1"]
[SourceVersionDate "2006.11.23"]
[SourceQuality "1"]
[WhiteTeam "Calder HMC"]
[BlackTeam "Homburg Apeldoorn"]
[WhiteTeamCountry "NED"]
[BlackTeamCountry "NED"]

1. d4 d6 2. Nf3 Nf6 3. g3 Nbd7 4. Bg2 e5 5. c4 g6 6. 0-0 Bg7 7. Nc3 0-0 8. dxe5 dxe5 9. Bg5 h6 10. Bxf6 Qxf6 11. Qc2 Qe7 12. Rad1 c6 13. Rd2 a5 14. Ne4 Nc5 15. Nh4 Nxe4 16. Bxe4 Be6 17. c5 Rfd8 18. Rfd1 Rxd2 19. Rxd2 Rd8 20. Nf3 Rxd2 21. Nxd2 Bf8 22. Nb3 a4 23. Na5 Qxc5 24. Nxb7 Qb4 25. Bxc6 Bxa2 26. Qxa4 Qxb2 27. e3 Qa1+ 0-1

[Event "Muensterland Verbandsliga 0405"]
[Site "Muensterland"]
[Date "2005.01.29"]
[Round "5.8"]
[White "Boecker, Manfred"]
[Black "Jonker, Marc"]
[Result "0-1"]
[WhiteElo "1931"]
[BlackElo "2279"]
[PlyCount "84"]
[EventDate "2004.09.18"]
[EventType "team-tourn"]
[EventRounds "9"]
[EventCountry "GER"]
[SourceTitle "EXT 2006"]
[Source "ChessBase"]
[SourceDate "2005.11.24"]
[SourceVersion "1"]
[SourceVersionDate "2005.11.24"]
[SourceQuality "1"]
[WhiteTeam "Suedlohn"]
[BlackTeam "Emsdetten Turm II"]
[WhiteTeamCountry "GER"]
[BlackTeamCountry "GER"]

1. d4 d6 2. c4 e5 3. e3 Nd7 4. Nf3 Ngf6 5. Be2 g6 6. 0-0 Bg7 7. b3 0-0 8. Bb2 e4 9. Nfd2 Re8 10. Nc3 c6 11. Qc2 Qe7 12. b4 Nf8 13. a4 h5 14. Rfc1 h4 15. Ba3 N8h7 16. a5 Ng5 17. b5 a6 18. bxc6 bxc6 19. c5 d5 20. Rcb1 Ng4 21. Qd1 f5 22. Nf1 Nh6 23. Bc1 Ne6 24. Rb6 Qc7 25. Qa4 Bd7 26. Qb4 Qc8 27. Bd2 f4 28. Rc1 Nf5 29. Nxd5 cxd5 30. c6 Nexd4 31. exd4 Nxd4 32. Bxa6 Rxa6 33. cxd7 Qxd7 34. Rxa6 Qg4 35. h3 Qg5 36. Qd6 Ne2+ 37. Kh1 e3 38. Rc5 exd2 39. Nxd2 Ng3+ 40. Kh2 Re1 41. Qxd5+ Qxd5 42. Rxd5 Rh1# 0-1

[Event "NED-chT 0203"]
[Site "Netherlands"]
[Date "2003.03.15"]
[Round "7.6"]
[White "Jonker, Marc"]
[Black "Bezemer, Arno J"]
[Result "0-1"]
[WhiteElo "2339"]
[BlackElo "2346"]
[PlyCount "72"]
[EventDate "2002.09.28"]
[EventType "team-tourn"]
[EventRounds "9"]
[EventCountry "NED"]
[SourceTitle "EXT 2015"]
[Source "ChessBase"]
[SourceDate "2014.11.20"]
[SourceVersion "1"]
[SourceVersionDate "2014.11.20"]
[SourceQuality "1"]
[WhiteTeam "Apeldoorn"]
[BlackTeam "Amstelveen Zukertort"]
[WhiteTeamCountry "NED"]
[BlackTeamCountry "NED"]

1. e4 c5 2. Nf3 d6 3. d4 cxd4 4. Qxd4 Nc6 5. Bb5 Bd7 6. Bxc6 Bxc6 7. Nc3 Nf6 8. Bg5 e6 9. 0-0-0 Be7 10. Rhe1 0-0 11. Kb1 Qa5 12. Qd2 Qa6 13. Nd4 Rfc8 14. f3 Be8 15. g4 Rc4 16. Nce2 Rac8 17. h4 Ra4 18. Nc1 Qa5 19. c3 Rac4 20. Nd3 b5 21. e5 dxe5 22. Nxe5 R4c7 23. h5 Qb6 24. h6 g6 25. Nxg6 hxg6 26. h7+ Nxh7 27. Bf4 Rb7 28. Qh2 Bf8 29. g5 Rc5 30. Be5 Rxe5 31. Qxe5 Bg7 32. Qe3 b4 33. f4 bxc3 34. Qxc3 Rc7 35. Qd3 Rd7 36. Re4 Rd5 0-1

[Event "NED-chT 0203"]
[Site "Netherlands"]
[Date "2002.11.23"]
[Round "3.8"]
[White "Jonker, Marc"]
[Black "Van Wissen, Michiel"]
[Result "0-1"]
[WhiteElo "2339"]
[BlackElo "2274"]
[PlyCount "60"]
[EventDate "2002.09.28"]
[EventType "team-tourn"]
[EventRounds "9"]
[EventCountry "NED"]
[SourceTitle "EXT 2015"]
[Source "ChessBase"]
[SourceDate "2014.11.20"]
[SourceVersion "1"]
[SourceVersionDate "2014.11.20"]
[SourceQuality "1"]
[WhiteTeam "Apeldoorn"]
[BlackTeam "ING/ESGOO Enschede"]
[WhiteTeamCountry "NED"]
[BlackTeamCountry "NED"]

1. e4 e5 2. Nc3 Nf6 3. g3 d5 4. exd5 Nxd5 5. Bg2 Nxc3 6. bxc3 Nc6 7. Qh5 Be7 8. d3 0-0 9. Nf3 Be6 10. 0-0 f6 11. Re1 Qd7 12. Qh4 Bc5 13. Bb2 Ne7 14. d4 Bb6 15. a4 a5 16. Ba3 Ng6 17. Qe4 Bf5 18. Qe2 Rfe8 19. Nd2 exd4 20. Qc4+ Kh8 21. Bxb7 Ne5 22. Rxe5 fxe5 23. Bxa8 Rxa8 24. Nf3 dxc3 25. Nxe5 Qe6 26. Qxe6 Bxe6 27. Rd1 Re8 28. Nc6 Bg4 29. Rd5 Bf3 30. Re5 Bxc6 0-1

[Event "NED-chT 0102"]
[Site "Netherlands"]
[Date "2001.11.03"]
[Round "2.3"]
[White "Jonkman, Harmen"]
[Black "Jonker, Marc"]
[Result "1-0"]
[WhiteElo "2491"]
[BlackElo "2344"]
[PlyCount "99"]
[EventDate "2001.09.29"]
[EventType "team-tourn"]
[EventRounds "9"]
[EventCountry "NED"]
[SourceTitle "EXT 2003"]
[Source "ChessBase"]
[SourceDate "2002.11.25"]
[SourceVersion "1"]
[SourceVersionDate "2002.11.25"]
[SourceQuality "1"]
[WhiteTeam "VastNed Rotterdam"]
[BlackTeam "Apeldoorn Schaakstad"]
[WhiteTeamCountry "NED"]
[BlackTeamCountry "NED"]

1. e4 d6 2. d4 Nf6 3. Nc3 c6 4. f4 Qa5 5. Bd3 e5 6. Nf3 Bg4 7. Be3 Qb6 8. Na4 Qa5+ 9. Nc3 Qb6 10. Qd2 exf4 11. Bxf4 Bxf3 12. gxf3 Qxd4 13. 0-0-0 Nbd7 14. Be3 Qb4 15. Kb1 Qa5 16. Rhg1 h6 17. Qf2 0-0-0 18. Bc4 Ne5 19. Bb3 b5 20. Qf1 Qc7 21. a3 Kb7 22. f4 Ng6 23. Nxb5 cxb5 24. Qxb5+ Ka8 25. e5 Rb8 26. Qa4 dxe5 27. Rxg6 fxg6 28. fxe5 Rxb3 29. cxb3 Bc5 30. exf6 Bxe3 31. Rd7 Qc8 32. Qe4+ Kb8 33. Qe5+ Ka8 34. Qd5+ Kb8 35. Qd6+ Ka8 36. Qd5+ Kb8 37. Qe5+ Ka8 38. Qe4+ Kb8 39. fxg7 Re8 40. Qb4+ Bb6 41. Qd6+ Bc7 42. Qc6 Rg8 43. Qb5+ Bb6 44. Qe5+ Bc7 45. Qb5+ Bb6 46. Qe5+ Bc7 47. Qd5 h5 48. Rf7 Qd8 49. Qf3 Re8 50. Rf8 1-0

[Event "Apeldoorn Aventus op"]
[Site "Apeldoorn"]
[Date "2001.09.14"]
[Round "?"]
[White "Jonker, Marc"]
[Black "Ernst, Sipke"]
[Result "1-0"]
[WhiteElo "2313"]
[BlackElo "2435"]
[PlyCount "58"]
[EventDate "2001.09.14"]
[EventType "swiss (rapid)"]
[EventRounds "6"]
[EventCountry "NED"]
[SourceTitle "CBM 085 Extra"]
[Source "ChessBase"]
[SourceDate "2002.01.21"]
[SourceVersion "1"]
[SourceVersionDate "2002.01.21"]
[SourceQuality "1"]

1. e4 e5 2. Nc3 Nf6 3. Nf3 Nc6 4. d4 exd4 5. Nxd4 Bc5 6. Be3 Bb6 7. Nxc6 bxc6 8. e5 Bxe3 9. fxe3 Ng8 10. Qg4 Kf8 11. Qf4 Qe7 12. Bc4 d5 13. exd6 cxd6 14. Rd1 d5 15. Bxd5 cxd5 16. Nxd5 Qc5 17. 0-0 f6 18. Nc7 g5 19. Qg3 Rb8 20. Rd5 Qe7 21. Re5 Qf7 22. Re8+ Kg7 23. Qd6 Rb7 24. Rxc8 Rb6 25. Qd8 Rxb2 26. Nd5 Rb7 27. Nxf6 Qe6 28. Nxg8 Qxe3+ 29. Kh1 Rf7 1-0

[Event "Pardubice Czech op"]
[Site "Pardubice"]
[Date "2001.07.27"]
[Round "8"]
[White "Jonker, Marc"]
[Black "Odesskij, Ilia"]
[Result "1/2-1/2"]
[WhiteElo "2317"]
[BlackElo "2419"]
[PlyCount "22"]
[EventDate "2001.07.20"]
[EventType "swiss"]
[EventRounds "9"]
[EventCountry "CZE"]
[SourceTitle "CBM 083 Extra"]
[Source "ChessBase"]
[SourceDate "2001.09.11"]
[SourceVersion "1"]
[SourceVersionDate "2001.09.11"]
[SourceQuality "1"]

1. e4 d6 2. d4 g6 3. Nc3 Bg7 4. Be3 a6 5. h4 Nf6 6. f3 Nc6 7. Qd2 e5 8. d5 Nd4 9. Nge2 Nxe2 10. Nxe2 c6 11. c4 cxd5 1/2-1/2

[Event "Pardubice Czech op"]
[Site "Pardubice"]
[Date "2001.07.26"]
[Round "7"]
[White "De Vreugt, Dennis"]
[Black "Jonker, Marc"]
[Result "1/2-1/2"]
[WhiteElo "2429"]
[BlackElo "2317"]
[PlyCount "56"]
[EventDate "2001.07.20"]
[EventType "swiss"]
[EventRounds "9"]
[EventCountry "CZE"]
[SourceTitle "CBM 083 Extra"]
[Source "ChessBase"]
[SourceDate "2001.09.11"]
[SourceVersion "1"]
[SourceVersionDate "2001.09.11"]
[SourceQuality "1"]

1. e4 d6 2. d4 Nf6 3. Nc3 c6 4. f4 Qa5 5. Bd3 e5 6. Nf3 Bg4 7. Be3 Qb6 8. Qd2 exf4 9. Bf2 Bxf3 10. gxf3 Nh5 11. 0-0-0 Nd7 12. e5 d5 13. Bf5 g6 14. Bg4 Ng7 15. Qxf4 Qc7 16. Rde1 Ne6 17. Qd2 Nb6 18. b3 Qe7 19. Kb1 Qb4 20. Ka1 Qa5 21. h4 Bb4 22. Re3 c5 23. Bxe6 fxe6 24. Be1 Rc8 25. h5 g5 26. h6 Rf8 27. Kb1 c4 28. Rg1 Rf4 1/2-1/2

[Event "Pardubice Czech op"]
[Site "Pardubice"]
[Date "2001.07.25"]
[Round "6"]
[White "Jonker, Marc"]
[Black "Faibisovich, Vadim Z"]
[Result "1/2-1/2"]
[WhiteElo "2317"]
[BlackElo "2430"]
[PlyCount "25"]
[EventDate "2001.07.20"]
[EventType "swiss"]
[EventRounds "9"]
[EventCountry "CZE"]
[SourceTitle "CBM 083 Extra"]
[Source "ChessBase"]
[SourceDate "2001.09.11"]
[SourceVersion "1"]
[SourceVersionDate "2001.09.11"]
[SourceQuality "1"]

1. e4 c5 2. Nf3 Nc6 3. d4 cxd4 4. Nxd4 g6 5. c4 Nf6 6. Nc3 d6 7. Be2 Nxd4 8. Qxd4 Bg7 9. Bg5 0-0 10. Qd2 a5 11. 0-0 a4 12. Rab1 Bd7 13. f3 1/2-1/2

[Event "NED-chT 0001"]
[Site "Netherlands"]
[Date "2001.03.04"]
[Round "6.4"]
[White "Jonker, Marc"]
[Black "Van de Mortel, Jan"]
[Result "1/2-1/2"]
[WhiteElo "2313"]
[BlackElo "2411"]
[PlyCount "36"]
[EventDate "2000.11.18"]
[EventType "team-tourn"]
[EventRounds "9"]
[EventCountry "NED"]
[SourceTitle "EXT 2002"]
[Source "ChessBase"]
[SourceDate "2001.11.25"]
[SourceVersion "1"]
[SourceVersionDate "2001.11.25"]
[SourceQuality "1"]
[WhiteTeam "Apeldoorn Schaakstad"]
[BlackTeam "Nijmegen"]
[WhiteTeamCountry "NED"]
[BlackTeamCountry "NED"]

1. e4 c5 2. Nf3 Nc6 3. d4 cxd4 4. Nxd4 g6 5. c4 Bg7 6. Be3 Nf6 7. Nc3 d6 8. Be2 0-0 9. 0-0 Bd7 10. Qd2 Nxd4 11. Bxd4 Bc6 12. f3 Nd7 13. b4 Bxd4+ 14. Qxd4 Qb6 15. Qxb6 Nxb6 16. Rfc1 Rfc8 17. Kf2 Bd7 18. Nd5 Nxd5 1/2-1/2

[Event "Groningen op"]
[Site "Groningen"]
[Date "1999.12.29"]
[Round "10"]
[White "Radjabov, Teimour"]
[Black "Jonker, Marc"]
[Result "1-0"]
[WhiteElo "2438"]
[BlackElo "2335"]
[PlyCount "65"]
[EventDate "1999.12.19"]
[EventType "swiss"]
[EventRounds "11"]
[EventCountry "NED"]
[SourceTitle "CBM 073 Extra"]
[Source "ChessBase"]
[SourceDate "2000.01.11"]
[SourceVersion "1"]
[SourceVersionDate "2000.01.11"]
[SourceQuality "1"]

1. d4 Nf6 2. Nf3 g6 3. Bg5 Bg7 4. Nbd2 0-0 5. e4 d6 6. c3 h6 7. Bh4 Qe8 8. Be2 Nh5 9. 0-0 Nf4 10. Bc4 e5 11. Bg3 Nc6 12. Bxf4 exf4 13. Re1 Ne7 14. h3 c5 15. dxc5 dxc5 16. e5 b5 17. Bf1 Be6 18. c4 b4 19. Ne4 Qc6 20. Qd6 Qxd6 21. exd6 Nf5 22. Nxc5 Nxd6 23. Nxe6 fxe6 24. Rxe6 Nf5 25. Rxg6 Kf7 26. Rg4 Bxb2 27. Re1 Rfe8 28. Rxe8 Rxe8 29. Rxf4 Ke6 30. c5 a5 31. Re4+ Kf7 32. Bc4+ Kf8 33. Rf4 1-0

[Event "Groningen op"]
[Site "Groningen"]
[Date "1999.12.22"]
[Round "4"]
[White "Jonkman, Harmen"]
[Black "Jonker, Marc"]
[Result "1-0"]
[WhiteElo "2421"]
[BlackElo "2335"]
[PlyCount "97"]
[EventDate "1999.12.19"]
[EventType "swiss"]
[EventRounds "11"]
[EventCountry "NED"]
[SourceTitle "CBM 073 Extra"]
[Source "ChessBase"]
[SourceDate "2000.01.11"]
[SourceVersion "1"]
[SourceVersionDate "2000.01.11"]
[SourceQuality "1"]

1. e4 d6 2. d4 Nf6 3. Nc3 c6 4. f4 Qb6 5. Be2 e5 6. Nf3 Nbd7 7. 0-0 Be7 8. Kh1 0-0 9. a4 a5 10. Be3 Ng4 11. Bg1 exf4 12. Nd2 Ne3 13. Bxe3 fxe3 14. Nc4 Qa7 15. Bg4 Nf6 16. Bxc8 Raxc8 17. Nxe3 g6 18. Qd3 Nh5 19. Ng4 Bg5 20. g3 Qb6 21. Rf3 Ng7 22. b3 f5 23. exf5 Nxf5 24. Ne4 Be7 25. d5 Qd4 26. Nh6+ Kh8 27. Qxd4+ Nxd4 28. Rf7 Rxf7 29. Nxf7+ Kg7 30. Nfxd6 Rd8 31. c3 Bxd6 32. cxd4 cxd5 33. Nxd6 Rxd6 34. Rc1 b6 35. Kg2 Kf6 36. Kf3 Ke6 37. Rc7 Rd7 38. Rc6+ Rd6 39. Rc7 Rd7 40. Rxd7 Kxd7 41. Kf4 Ke6 42. Kg5 Kf7 43. Kh6 Kg8 44. h3 Kh8 45. h4 Kg8 46. h5 gxh5 47. Kxh5 Kf7 48. Kh6 Ke6 49. Kg5 1-0

[Event "Dieren op"]
[Site "Dieren"]
[Date "1999.07.22"]
[Round "3"]
[White "Barsov, Alexei"]
[Black "Jonker, Marc"]
[Result "1-0"]
[WhiteElo "2539"]
[BlackElo "2335"]
[PlyCount "71"]
[EventDate "1999.07.20"]
[EventType "swiss"]
[EventRounds "9"]
[EventCountry "NED"]
[SourceTitle "CBM 071 Extra"]
[Source "ChessBase"]
[SourceDate "1999.09.14"]
[SourceVersion "1"]
[SourceVersionDate "1999.09.14"]
[SourceQuality "1"]

1. d4 d6 2. Nf3 Nf6 3. c4 g6 4. Nc3 Bf5 5. Nh4 Bd7 6. g3 Bg7 7. Bg2 Nc6 8. 0-0 0-0 9. Rb1 e5 10. dxe5 dxe5 11. b4 a6 12. Nd5 Nxd5 13. cxd5 Nd4 14. Bb2 Bb5 15. Re1 Qd7 16. f4 f6 17. Qd2 Bc4 18. Rbd1 Nb5 19. a4 Nd6 20. Qc2 exf4 21. gxf4 Qg4 22. Nf3 Qxf4 23. Nd4 Qe3+ 24. Kh1 f5 25. Bc1 Qe5 26. Ne6 Rf7 27. Nxg7 Qxg7 28. Bb2 Qh6 29. Qc3 Rff8 30. e4 fxe4 31. Re3 g5 32. Rh3 Qg6 33. Qh8+ Kf7 34. Rxh7+ Ke8 35. Qe5+ Kd8 36. Qe7+ 1-0

[Event "Groningen op"]
[Site "Groningen"]
[Date "1998.12.28"]
[Round "8"]
[White "Jonker, Marc"]
[Black "Skripchenko, Almira"]
[Result "0-1"]
[WhiteElo "2295"]
[BlackElo "2420"]
[PlyCount "58"]
[EventDate "1998.12.??"]
[EventType "swiss"]
[EventRounds "11"]
[EventCountry "NED"]
[SourceTitle "EXT 2000"]
[Source "ChessBase"]
[SourceDate "1999.11.16"]
[SourceVersion "1"]
[SourceVersionDate "1999.11.16"]
[SourceQuality "1"]

1. e4 c5 2. Nf3 Nc6 3. d4 cxd4 4. Nxd4 Qc7 5. Nc3 e6 6. f4 a6 7. Nxc6 Qxc6 8. Bd3 b5 9. a3 Bb7 10. Qe2 Rc8 11. Bd2 Bc5 12. g4 Ne7 13. h4 d5 14. 0-0-0 0-0 15. h5 Rfe8 16. Kb1 b4 17. axb4 Bxb4 18. exd5 Nxd5 19. Nxd5 exd5 20. Qf2 Bc5 21. Qg3 Qb6 22. Rhe1 Red8 23. Qf3 a5 24. g5 a4 25. g6 fxg6 26. hxg6 Bd4 27. c3 a3 28. Bc1 Rxc3 29. Qh3 Rxc1+ 0-1

[Event "Groningen op"]
[Site "Groningen"]
[Date "1998.12.20"]
[Round "1"]
[White "Movsesian, Sergei"]
[Black "Jonker, Marc"]
[Result "1-0"]
[WhiteElo "2640"]
[BlackElo "2295"]
[PlyCount "47"]
[EventDate "1998.12.??"]
[EventType "swiss"]
[EventRounds "11"]
[EventCountry "NED"]
[SourceTitle "EXT 2000"]
[Source "ChessBase"]
[SourceDate "1999.11.16"]
[SourceVersion "1"]
[SourceVersionDate "1999.11.16"]
[SourceQuality "1"]

1. e4 d6 2. d4 Nf6 3. Nc3 c6 4. h3 Nbd7 5. f4 e5 6. Nf3 Qa5 7. Bd3 exd4 8. Nxd4 g6 9. Be3 Bg7 10. 0-0 0-0 11. Qe1 Re8 12. Qh4 Qh5 13. Qf2 Nc5 14. Nde2 Nxd3 15. cxd3 d5 16. f5 dxe4 17. dxe4 g5 18. Bxa7 g4 19. Bd4 gxh3 20. Qg3 Kh8 21. Rf4 Qh6 22. Rh4 Qd2 23. Rd1 Qc2 24. Rh6 1-0